| 000 | 00376 a2200133 4500 | ||
|---|---|---|---|
| 001 | 87906 | ||
| 082 | _aPR 249 | ||
| 090 |
_c41373 _d41373 |
||
| 100 | _aWajahat Hussain; sadiq Amin Prof | ||
| 245 |
_aReport for wind tunnel analysis of grid fins in CAE subsonic wind tunnel _nG-65 |
||
| 260 |
_aRisalpur _bNUST _c2008 |
||
| 300 |
_a150p. _ewith CD |
||
| 500 | _aBE project reports | ||
| 942 |
_aCAE NUST _kPR 249 |
||
| 999 |
_c322979 _d322979 |
||